[Event "Barnaul Kura Memorial"]
[Site "Barnaul"]
[Date "2021.02.27"]
[Round "4"]
[White "Shomoev, Anton"]
[Black "Vassiliev, G."]
[Result "1-0"]
[WhiteElo "2563"]
[BlackElo "2082"]
[PlyCount "83"]
[EventDate "2021.02.27"]
[EventType "swiss (rapid)"]
[EventRounds "11"]
[EventCountry "RUS"]
[SourceTitle "CBM 200 Extra"]
[Source "ChessBase"]
[SourceDate "2021.03.31"]
[SourceVersion "1"]
[SourceVersionDate "2021.03.31"]
[SourceQuality "1"]

1. e4 c5 2. Nf3 g6 3. d4 cxd4 4. Nxd4 Bg7 5. Nc3 Nc6 6. Be3 Nf6 7. Bc4 0-0 8. Bb3 a5 9. 0-0 a4 10. Nxa4 Nxe4 11. Nb5 Ra6 12. c4 Na5 13. Bc2 Nd6 14. Nxd6 Rxd6 15. Qe2 Qc7 16. c5 Re6 17. Rad1 Bh6 18. b4 Nc6 19. Bb3 Re4 20. Nc3 Rxe3 21. fxe3 Nxb4 22. Ne4 b6 23. Qc4 bxc5 24. Rxf7 d5 25. Rxd5 Be6 26. Rxf8+ Bxf8 27. Qxc5 Qxc5 28. Rxc5 Bxb3 29. axb3 Bh6 30. Rc8+ Kf7 31. Kf2 Nd5 32. Kf3 Nxe3 33. b4 Nf5 34. Rd8 Nh4+ 35. Kf2 Nf5 36. g4 Nh4 37. Kg3 g5 38. b5 Bg7 39. Nxg5+ Kg6 40. Kxh4 Bf6 41. Rg8+ Kh6 42. b6 1-0

[Event "Marianske Lazne op 13th"]
[Site "Marianske Lazne"]
[Date "2014.01.22"]
[Round "6"]
[White "Vassiliev, G."]
[Black "Nemergut, Patrik"]
[Result "0-1"]
[WhiteElo "2133"]
[BlackElo "1988"]
[PlyCount "106"]
[EventDate "2014.01.18"]
[EventType "swiss"]
[EventRounds "9"]
[EventCountry "CZE"]
[SourceTitle "CBM 158 Extra"]
[Source "ChessBase"]
[SourceDate "2014.02.28"]
[SourceVersion "1"]
[SourceVersionDate "2014.02.28"]
[SourceQuality "1"]

1. e4 e5 2. Nf3 Nc6 3. d4 exd4 4. Nxd4 Bc5 5. Nb3 Bb6 6. Nc3 d6 7. a4 a6 8. a5 Ba7 9. Nd5 Nf6 10. Qe2 h6 11. Be3 Bxe3 12. Qxe3 0-0 13. 0-0-0 Re8 14. f3 Nxd5 15. Rxd5 Be6 16. Rh5 Qf6 17. Be2 Bxb3 18. Qxb3 Nd4 19. Qd3 Re5 20. Rxe5 dxe5 21. Bd1 Rd8 22. Qe3 Nc6 23. Be2 Nxa5 24. Rd1 Rxd1+ 25. Kxd1 Nc6 26. Bc4 Qd6+ 27. Kc1 Qd4 28. Qxd4 Nxd4 29. c3 Nc6 30. Bd5 Nd8 31. Kd2 Kf8 32. Ke3 Ke7 33. g3 c6 34. Bb3 f6 35. f4 Ne6 36. Bd1 Kd6 37. Bg4 a5 38. Bd1 b5 39. Be2 Kc5 40. Bh5 Nd8 41. Kd3 b4 42. Bd1 bxc3 43. bxc3 exf4 44. gxf4 Ne6 45. Ke3 Kc4 46. Ba4 c5 47. Bd7 Nf8 48. Be8 Kxc3 49. e5 fxe5 50. fxe5 Ne6 51. Bd7 Nc7 52. e6 c4 53. Ke4 Nxe6 0-1

[Event "Golden Sands Europe op 2nd"]
[Site "Golden Sands"]
[Date "2013.06.10"]
[Round "1"]
[White "Vassiliev, G."]
[Black "Grandelius, Nils"]
[Result "0-1"]
[WhiteElo "2202"]
[BlackElo "2544"]
[PlyCount "77"]
[EventDate "2013.06.10"]
[EventType "swiss"]
[EventRounds "9"]
[EventCountry "BUL"]
[SourceTitle "CBM 154 Extra"]
[Source "ChessBase"]
[SourceDate "2013.06.25"]
[SourceVersion "2"]
[SourceVersionDate "2013.06.25"]
[SourceQuality "1"]

1. c4 e5 2. Nc3 Bb4 3. Nd5 Bc5 4. g3 c6 5. Ne3 Nf6 6. Bg2 0-0 7. d3 h6 8. Nf3 Re8 9. 0-0 d5 10. cxd5 cxd5 11. d4 exd4 12. Nxd4 Bxd4 13. Qxd4 Nc6 14. Qh4 Re5 15. Qa4 d4 16. Rd1 Qb6 17. Nf1 Bg4 18. Nd2 Bxe2 19. Nc4 Bxc4 20. Qxc4 Rae8 21. Bd2 Re2 22. b4 d3 23. Qc5 Qxc5 24. bxc5 Ng4 25. Bc3 Nxf2 26. Rd2 Rxd2 27. Bxd2 Re2 28. Be1 Ne4 29. Bf1 Rb2 30. Bxd3 Nxc5 31. Bc4 Nd4 32. Bd5 Nce6 33. Bf2 Ne2+ 34. Kf1 Nc3 35. Bf3 b5 36. Rc1 b4 37. a3 bxa3 38. Rxc3 a2 39. Rc8+ 0-1

[Event "Albena Masters op"]
[Site "Albena"]
[Date "2013.06.08"]
[Round "8"]
[White "Vassiliev, G."]
[Black "Savov, Zheljazko"]
[Result "0-1"]
[WhiteElo "2202"]
[BlackElo "1941"]
[PlyCount "75"]
[EventDate "2013.06.01"]
[EventType "swiss"]
[EventRounds "9"]
[EventCountry "BUL"]
[SourceTitle "EXT 2014"]
[Source "ChessBase"]
[SourceDate "2013.11.20"]
[SourceVersion "1"]
[SourceVersionDate "2013.11.20"]
[SourceQuality "1"]

1. c4 Nf6 2. Nf3 e6 3. g3 b6 4. Bg2 Bb7 5. b3 Be7 6. Bb2 c5 7. 0-0 0-0 8. Nc3 d5 9. cxd5 exd5 10. d4 Nc6 11. dxc5 bxc5 12. Nh4 d4 13. Na4 Re8 14. Rc1 Nd7 15. Nf5 Rc8 16. e3 Ba6 17. Qg4 Bf6 18. Rfd1 Nce5 19. Qh3 Be2 20. Be4 Bg4 21. Qg2 Bxd1 22. Rxd1 Nb6 23. Nxb6 Qxb6 24. exd4 cxd4 25. Bxd4 Rcd8 26. Qh3 Nf3+ 27. Bxf3 Bxd4 28. Qg4 Be5 29. Bd5 Qg6 30. Qf3 Bb8 31. h4 h5 32. Kg2 Bc7 33. Rd2 Bb6 34. a4 Re5 35. Ne3 Kh8 36. Nc4 Rf5 37. Qe4 Rdxd5 38. Re2 0-1

[Event "Albena Masters op"]
[Site "Albena"]
[Date "2013.06.03"]
[Round "3"]
[White "Solak, Dragan"]
[Black "Vassiliev, G."]
[Result "1-0"]
[WhiteElo "2598"]
[BlackElo "2202"]
[PlyCount "87"]
[EventDate "2013.06.01"]
[EventType "swiss"]
[EventRounds "9"]
[EventCountry "BUL"]
[SourceTitle "CBM 154 Extra"]
[Source "ChessBase"]
[SourceDate "2013.06.25"]
[SourceVersion "2"]
[SourceVersionDate "2013.06.25"]
[SourceQuality "1"]

1. e4 c5 2. Nf3 g6 3. d4 cxd4 4. Nxd4 Bg7 5. c4 Nc6 6. Be3 d6 7. Nc3 Nf6 8. Be2 0-0 9. 0-0 Bd7 10. Nc2 Rc8 11. b3 Ne8 12. Nd4 Nc7 13. Rc1 Nxd4 14. Bxd4 Bxd4 15. Qxd4 a5 16. f4 Bc6 17. Rcd1 Ne6 18. Qe3 Qc7 19. h4 Nc5 20. h5 Nd7 21. Bg4 e6 22. Qd4 Rcd8 23. hxg6 hxg6 24. Qxd6 Qb6+ 25. Qd4 Qxd4+ 26. Rxd4 Nf6 27. Rxd8 Rxd8 28. Bf3 Rd3 29. e5 Rxc3 30. exf6 Kf8 31. Bxc6 bxc6 32. Rd1 Ke8 33. Rd6 a4 34. Rxc6 axb3 35. axb3 Rxb3 36. Rc7 g5 37. fxg5 Rg3 38. Re7+ Kf8 39. c5 Rc3 40. Rc7 Ke8 41. c6 Rc2 42. g6 fxg6 43. Rg7 Kf8 44. c7 1-0

[Event "Novokuznetsk op"]
[Site "Novokuznetsk"]
[Date "2012.10.08"]
[Round "9"]
[White "Vassiliev, G."]
[Black "Polyanskiy, Vladimir"]
[Result "1-0"]
[WhiteElo "2203"]
[BlackElo "2140"]
[PlyCount "93"]
[EventDate "2012.08.02"]
[EventType "swiss"]
[EventRounds "9"]
[EventCountry "RUS"]
[SourceTitle "EXT 2013"]
[Source "ChessBase"]
[SourceDate "2012.11.22"]
[SourceVersion "1"]
[SourceVersionDate "2012.11.22"]
[SourceQuality "1"]

1. e4 Nc6 2. d4 e5 3. Nf3 exd4 4. Nxd4 Bc5 5. Nb3 Bb6 6. Qe2 d6 7. Be3 Nf6 8. Nc3 Bxe3 9. Qxe3 0-0 10. 0-0-0 Re8 11. Kb1 a6 12. Be2 b5 13. a3 Rb8 14. f4 b4 15. axb4 Rxb4 16. e5 Bd7 17. Bf3 Qb8 18. Qf2 Ng4 19. Qg3 Nh6 20. Nd5 Rxb3 21. cxb3 Bf5+ 22. Kc1 Qxb3 23. Rd2 Qa2 24. Kd1 Kh8 25. Nxc7 Rc8 26. exd6 Qa4+ 27. Ke1 Nd4 28. Qf2 Nc2+ 29. Kf1 Qa1+ 30. Rd1 Qxb2 31. h3 Qb3 32. Kg1 Rd8 33. Kh2 Qb4 34. Qd2 Qa4 35. g4 Bd7 36. Nxa6 Ne3 37. Qxe3 Qxa6 38. Rhe1 Ng8 39. Qd4 h6 40. Re7 Be6 41. Ra7 Qb5 42. Ra8 Rxa8 43. Bxa8 Nf6 44. Bg2 h5 45. g5 Nd7 46. Ra1 Bf5 47. Qd5 1-0

[Event "Moscow op-B"]
[Site "Moscow"]
[Date "2010.02.07"]
[Round "9.45"]
[White "Vedeneev, Alexandr"]
[Black "Vassiliev, G."]
[Result "1-0"]
[WhiteElo "1982"]
[BlackElo "2225"]
[PlyCount "89"]
[EventDate "2010.01.30"]
[EventType "swiss"]
[EventRounds "9"]
[EventCountry "RUS"]
[SourceTitle "EXT 2023"]
[Source "ChessBase"]
[SourceDate "2022.10.05"]
[SourceVersion "1"]
[SourceVersionDate "2022.10.05"]
[SourceQuality "1"]

1. d4 d5 2. Nf3 e6 3. c4 c6 4. Nc3 dxc4 5. a4 Bb4 6. e3 b5 7. Ne5 Bb7 8. Qg4 g6 9. Be2 Nf6 10. Qh3 Ne4 11. 0-0 Nxc3 12. bxc3 Bxc3 13. Rb1 b4 14. Bxc4 0-0 15. Nd3 Ba6 16. Bxa6 Nxa6 17. Nf4 Qa5 18. Ne2 Qxa4 19. e4 Qc2 20. Nxc3 bxc3 21. Bh6 Rfb8 22. Ra1 Nc7 23. Bf4 Rb7 24. Qf3 Nb5 25. Be5 f5 26. exf5 exf5 27. Qxc6 Qe4 28. Qc4+ Kf8 29. Rfe1 Qh4 30. Ra6 Re8 31. Qc6 Qe7 32. h4 Kg8 33. h5 Qf7 34. hxg6 hxg6 35. Qc5 c2 36. Rc1 Nc7 37. Rf6 Rb1 38. Qxc2 Rxc1+ 39. Qxc1 Qh7 40. Bxc7 Qh5 41. Be5 Qg4 42. Qc4+ Kh7 43. f3 Qh4 44. Qf7+ Kh8 45. Qxe8+ 1-0

[Event "Albena op"]
[Site "Albena"]
[Date "2009.06.21"]
[Round "2"]
[White "Belov, Igor"]
[Black "Vassiliev, G."]
[Result "1/2-1/2"]
[WhiteElo "2443"]
[BlackElo "2163"]
[PlyCount "76"]
[EventDate "2009.06.20"]
[EventType "swiss"]
[EventRounds "9"]
[EventCountry "BUL"]
[SourceTitle "CBM 130 Extra"]
[Source "ChessBase"]
[SourceDate "2009.07.02"]
[SourceVersion "2"]
[SourceVersionDate "2009.07.15"]
[SourceQuality "1"]

1. Nf3 Nf6 2. c4 e6 3. e3 d5 4. d4 c5 5. Nc3 Nc6 6. a3 Ne4 7. Bd2 cxd4 8. exd4 Nxc3 9. Bxc3 dxc4 10. Bxc4 Be7 11. 0-0 0-0 12. Qe2 Bf6 13. Qe4 Ne7 14. Bd3 g6 15. h4 Bd7 16. Ne5 Bc6 17. Nxc6 bxc6 18. Rfd1 Nd5 19. g3 Rb8 20. Bf1 Qd6 21. Qf3 Bg7 22. Bc4 Rfd8 23. Bxd5 Qxd5 24. Qxd5 Rxd5 25. Kf1 Rbd8 26. Ke2 a5 27. Rd2 a4 28. Rad1 f5 29. Rc1 Bh6 30. f4 Bf8 31. Rcd1 Kf7 32. Rc1 Ke8 33. h5 Kf7 34. Rh1 Bg7 35. Ke3 Rb8 36. hxg6+ Kxg6 37. Bb4 h5 38. Rc1 Rb6 1/2-1/2

[Event "Berdsk Maestro op 14th"]
[Site "Berdsk"]
[Date "2008.07.15"]
[Round "8"]
[White "Vassiliev, G."]
[Black "Samkov, Maxim"]
[Result "0-1"]
[WhiteElo "2184"]
[BlackElo "2161"]
[PlyCount "64"]
[EventDate "2008.07.08"]
[EventType "swiss"]
[EventRounds "9"]
[EventCountry "RUS"]
[SourceTitle "CBM 125 Extra"]
[Source "ChessBase"]
[SourceDate "2008.09.01"]
[SourceVersion "1"]
[SourceVersionDate "2008.09.01"]
[SourceQuality "1"]

1. e4 e6 2. d4 d5 3. exd5 exd5 4. c4 Nf6 5. Nc3 Be7 6. Nf3 0-0 7. Bd3 dxc4 8. Bxc4 c6 9. 0-0 Nbd7 10. Be3 Nb6 11. Bb3 Nbd5 12. Ne5 Be6 13. Qd2 Qc7 14. Rad1 Bd6 15. Rfe1 Nxe3 16. Qxe3 Ng4 17. Nxg4 Bxg4 18. f3 Bxh2+ 19. Kh1 Bd7 20. Re2 Bf4 21. Qd3 Qd8 22. g4 Qh4+ 23. Kg1 Rae8 24. Ne4 h5 25. g5 Bf5 26. Rg2 Bc7 27. g6 Rxe4 28. Bxf7+ Kh8 29. fxe4 Bxe4 30. Qa3 Rd8 31. Qe3 Bxg2 32. Kxg2 Qg4+ 0-1

[Event "Berdsk Maestro op 14th"]
[Site "Berdsk"]
[Date "2008.07.10"]
[Round "3"]
[White "Gryazev, Igor"]
[Black "Vassiliev, G."]
[Result "1-0"]
[WhiteElo "1964"]
[BlackElo "2184"]
[PlyCount "100"]
[EventDate "2008.07.08"]
[EventType "swiss"]
[EventRounds "9"]
[EventCountry "RUS"]
[SourceTitle "CBM 125 Extra"]
[Source "ChessBase"]
[SourceDate "2008.09.01"]
[SourceVersion "1"]
[SourceVersionDate "2008.09.01"]
[SourceQuality "1"]

1. e4 c6 2. d4 d5 3. exd5 cxd5 4. Bf4 Bf5 5. Bd3 Bxd3 6. Qxd3 e6 7. Nf3 Qa5+ 8. Nbd2 Qa6 9. Qxa6 Nxa6 10. Ke2 Nf6 11. a4 Nh5 12. Bg3 Nb4 13. c3 Nc6 14. Kd3 f5 15. Ke3 g6 16. Bf4 Nxf4 17. Kxf4 Bh6+ 18. Kg3 g5 19. h4 g4 20. Ng5 Bxg5 21. hxg5 Kf7 22. Rae1 Rag8 23. Kf4 Ne7 24. f3 Ng6+ 25. Kg3 h5 26. gxh6 f4+ 27. Kf2 g3+ 28. Ke2 Rh7 29. Rh5 Rgh8 30. Reh1 Re8 31. Kd3 Ne7 32. R5h4 Ng6 33. Rh5 Kf6 34. c4 dxc4+ 35. Kxc4 Rc8+ 36. Kd3 Rd7 37. Ne4+ Ke7 38. h7 e5 39. Nc3 Rxd4+ 40. Ke2 Rh8 41. b3 Rc8 42. Rc1 Kf7 43. Rhh1 Kg7 44. Nb5 Rxc1 45. Rxc1 Rd7 46. Rh1 a6 47. Nc3 Kh8 48. Rh6 Ne7 49. Ne4 Nf5 50. Nf6 Nd4+ 1-0

[Event "Berdsk Maestro op 14th"]
[Site "Berdsk"]
[Date "2008.07.09"]
[Round "2"]
[White "Vassiliev, G."]
[Black "Popov, Danil"]
[Result "0-1"]
[WhiteElo "2184"]
[BlackElo "1741"]
[PlyCount "54"]
[EventDate "2008.07.08"]
[EventType "swiss"]
[EventRounds "9"]
[EventCountry "RUS"]
[SourceTitle "CBM 125 Extra"]
[Source "ChessBase"]
[SourceDate "2008.09.01"]
[SourceVersion "1"]
[SourceVersionDate "2008.09.01"]
[SourceQuality "1"]

1. d4 Nf6 2. c4 g6 3. Nc3 Bg7 4. g3 0-0 5. Bg2 d6 6. Nf3 Nc6 7. 0-0 e5 8. h3 Re8 9. d5 Ne7 10. e4 Rf8 11. Be3 Nd7 12. b4 f5 13. Ng5 Nf6 14. Rc1 h6 15. Ne6 Bxe6 16. dxe6 f4 17. gxf4 exf4 18. Bd4 Nc6 19. Nd5 Nxd5 20. Bxg7 Kxg7 21. exd5 Ne5 22. Bf3 Qh4 23. Kh2 g5 24. Re1 Qxf2+ 25. Bg2 Qg3+ 26. Kh1 f3 27. Bf1 f2 0-1

[Event "Pula op 22nd"]
[Site "Pula"]
[Date "2008.06.26"]
[Round "7"]
[White "Orak, Ljubomir"]
[Black "Vassiliev, G."]
[Result "1-0"]
[WhiteElo "2315"]
[BlackElo "2184"]
[PlyCount "93"]
[EventDate "2008.06.21"]
[EventType "swiss"]
[EventRounds "9"]
[EventCountry "CRO"]
[SourceTitle "CBM 125 Extra"]
[Source "ChessBase"]
[SourceDate "2008.09.01"]
[SourceVersion "1"]
[SourceVersionDate "2008.09.01"]
[SourceQuality "1"]

1. e4 c5 2. Nf3 Nc6 3. d4 cxd4 4. Nxd4 g6 5. c4 Bg7 6. Be3 Nf6 7. Nc3 Ng4 8. Qxg4 Nxd4 9. Qd1 e5 10. Nb5 0-0 11. Be2 Nxb5 12. cxb5 d6 13. 0-0 Be6 14. Qa4 f5 15. Bc4 Qd7 16. f3 Kh8 17. Rfd1 fxe4 18. Bxe6 Qxe6 19. Qxe4 a6 20. b6 Rf7 21. Rac1 Rd7 22. Rd5 Qf7 23. b3 Re8 24. a4 Bf8 25. a5 Rdd8 26. Rc7 Rd7 27. Rxd7 Qxd7 28. Rd2 Bg7 29. Qd5 Qc8 30. Qxd6 e4 31. f4 Qc3 32. Kf2 Qxa5 33. Qd7 Rf8 34. Qxb7 g5 35. g3 gxf4 36. gxf4 Qh5 37. Qxe4 Re8 38. Qf3 Qxh2+ 39. Kf1 Qh4 40. Rd7 Bc3 41. Bf2 Qf6 42. b7 Bb2 43. Qd3 Qh6 44. Bd4+ Bxd4 45. Qxd4+ Kg8 46. Qd5+ Kh8 47. Qe5+ 1-0

[Event "Pula op 22nd"]
[Site "Pula"]
[Date "2008.06.25"]
[Round "6"]
[White "Vassiliev, G."]
[Black "Karner, Christoph"]
[Result "0-1"]
[WhiteElo "2184"]
[BlackElo "2356"]
[PlyCount "96"]
[EventDate "2008.06.21"]
[EventType "swiss"]
[EventRounds "9"]
[EventCountry "CRO"]
[SourceTitle "CBM 125 Extra"]
[Source "ChessBase"]
[SourceDate "2008.09.01"]
[SourceVersion "1"]
[SourceVersionDate "2008.09.01"]
[SourceQuality "1"]

1. e4 c5 2. c3 d5 3. exd5 Qxd5 4. d4 Nf6 5. Nf3 e6 6. Bd3 Be7 7. 0-0 0-0 8. Be3 Rd8 9. Ne5 Nc6 10. Bc4 Qd6 11. Bf4 cxd4 12. Qe2 Nxe5 13. Bxe5 d3 14. Qe3 Qc6 15. Bxf6 Bxf6 16. Bxd3 e5 17. Bc2 Be6 18. Nd2 Qb6 19. Ne4 Be7 20. Qe2 g6 21. b3 Rac8 22. c4 f5 23. Nc3 e4 24. Rad1 Bf6 25. Nd5 Bxd5 26. Rxd5 Rxd5 27. cxd5 Qa5 28. b4 Qxa2 29. Bd1 Qxd5 30. Qe3 Qd4 31. Bb3+ Kg7 32. Qf4 Qxb4 33. Ba2 Rc2 34. Bb1 Rb2 35. Qc7+ Kh6 36. Qc1+ Qd2 37. Qc5 b6 38. Qc4 Bd4 39. Kh1 Bxf2 40. Bxe4 fxe4 41. Qxe4 Qd4 42. Qf3 Qc5 43. Qf4+ Kg7 44. Rd1 Qe7 45. h3 Re2 46. Rf1 Bh4 47. Qc4 Re1 48. Qc3+ Qe5 0-1

[Event "Pula op 22nd"]
[Site "Pula"]
[Date "2008.06.24"]
[Round "5"]
[White "Vassiliev, G."]
[Black "Mazi, Leon"]
[Result "1-0"]
[WhiteElo "2184"]
[BlackElo "2350"]
[PlyCount "105"]
[EventDate "2008.06.21"]
[EventType "swiss"]
[EventRounds "9"]
[EventCountry "CRO"]
[SourceTitle "CBM 125 Extra"]
[Source "ChessBase"]
[SourceDate "2008.09.01"]
[SourceVersion "1"]
[SourceVersionDate "2008.09.01"]
[SourceQuality "1"]

1. e4 Nf6 2. e5 Nd5 3. d4 d6 4. Nf3 Nb6 5. Be2 Bg4 6. 0-0 e6 7. exd6 cxd6 8. h3 Bh5 9. b3 Be7 10. c4 0-0 11. Nc3 N8d7 12. Be3 Rc8 13. Qd2 Re8 14. Rfd1 Nf8 15. Rac1 f5 16. Ne1 Bxe2 17. Qxe2 Bf6 18. Qf3 Qe7 19. a4 g5 20. a5 Nbd7 21. Rc2 f4 22. Bc1 Nb8 23. d5 Bxc3 24. Rxc3 e5 25. Qg4 Ng6 26. Nf3 h6 27. h4 e4 28. Nd4 Qf6 29. h5 Ne5 30. Qf5 Qxf5 31. Nxf5 Nf7 32. Ba3 Rcd8 33. c5 dxc5 34. Rxc5 Re5 35. g4 fxg3 36. Nxg3 Na6 37. Rb5 Rd7 38. Bb2 Re8 39. Nf5 Rc8 40. d6 Rc2 41. Bd4 Nb8 42. Bxa7 Nc6 43. Bb6 Nfe5 44. Bc7 Kh7 45. Ne3 Ra2 46. Nd5 Rf7 47. Bb6 Nd7 48. Nc3 Rc2 49. Nxe4 Rf4 50. Ng3 Nxb6 51. Rxb6 Rfxf2 52. Rxb7+ Kg8 53. d7 1-0

[Event "Naukograd Koltsovo op"]
[Site "Koltsovo"]
[Date "2007.??.??"]
[Round "1"]
[White "Shakirov, Alexander"]
[Black "Vassiliev, G."]
[Result "0-1"]
[WhiteElo "1928"]
[BlackElo "2187"]
[PlyCount "90"]
[EventDate "2007.06.11"]
[EventType "swiss"]
[EventRounds "9"]
[EventCountry "RUS"]
[SourceTitle "EXT 2022"]
[Source "ChessBase"]
[SourceDate "2021.10.06"]
[SourceVersion "1"]
[SourceVersionDate "2021.10.06"]
[SourceQuality "1"]

1. c4 e5 2. g3 Nf6 3. Bg2 Nc6 4. Nc3 Bb4 5. Nd5 Nxd5 6. cxd5 Ne7 7. e3 0-0 8. Ne2 c6 9. a3 Bd6 10. Nc3 b6 11. 0-0 Bb7 12. d4 cxd5 13. dxe5 Bxe5 14. Nxd5 Nxd5 15. Bxd5 Qc7 16. Rb1 Bxd5 17. Qxd5 Qc2 18. Ra1 d6 19. Rd1 Rac8 20. Rd2 Qg6 21. Qd3 Qxd3 22. Rxd3 Rc2 23. Kf1 Rfc8 24. Rd1 h5 25. Rb1 b5 26. e4 R8c4 27. Re1 Bd4 28. Be3 Bxb2 29. Bxa7 Ra4 30. Re2 Rc1+ 31. Rxc1 Bxc1 32. Bb8 Bxa3 33. Rd2 Ra6 34. Rd5 Rb6 35. Bc7 Rc6 36. Bb8 Bc5 37. Rd2 f6 38. f4 b4 39. e5 dxe5 40. fxe5 b3 41. Rb2 Rb6 42. Ba7 Ba3 43. Rb1 Rb7 44. Bd4 fxe5 45. Bxe5 b2 0-1

[Event "Naukograd Koltsovo op"]
[Site "Koltsovo"]
[Date "2007.??.??"]
[Round "6"]
[White "Vassiliev, G."]
[Black "Poltoratsky, Daniil"]
[Result "1-0"]
[WhiteElo "2187"]
[BlackElo "2172"]
[PlyCount "97"]
[EventDate "2007.06.11"]
[EventType "swiss"]
[EventRounds "9"]
[EventCountry "RUS"]
[SourceTitle "EXT 2022"]
[Source "ChessBase"]
[SourceDate "2021.10.06"]
[SourceVersion "1"]
[SourceVersionDate "2021.10.06"]
[SourceQuality "1"]

1. e4 e5 2. Nf3 Nf6 3. Nxe5 Nxe4 4. Qe2 Qe7 5. Qxe4 d6 6. d4 dxe5 7. dxe5 Nc6 8. Bf4 g5 9. Bd2 f5 10. Qe2 Be6 11. Nc3 Nd4 12. Qd1 0-0-0 13. Bd3 Bg7 14. 0-0 h5 15. f4 gxf4 16. Bxf4 Bh6 17. Qd2 Qc5 18. Kh1 Bxf4 19. Rxf4 Rhg8 20. Qf2 Rg4 21. Ne2 Qxe5 22. Rxd4 Rdxd4 23. Nxd4 Qxd4 24. Qxd4 Rxd4 25. Re1 Kd7 26. Kg1 c5 27. g3 c4 28. Be2 Rd2 29. Rd1 Rxd1+ 30. Bxd1 c3 31. b3 Bf7 32. Kf2 b5 33. a3 a5 34. b4 axb4 35. axb4 Kd6 36. Ke3 Ke5 37. Be2 Be8 38. h4 Kd5 39. Kf4 Kd4 40. Bd3 Bd7 41. Kg5 Ke3 42. Kxh5 Bc6 43. Bxf5 Be4 44. Bxe4 Kxe4 45. Kg4 Ke3 46. h5 Kd2 47. h6 Kxc2 48. h7 Kb3 49. h8Q 1-0

[Event "Capital of Sibiria op"]
[Site "Novosibirsk"]
[Date "2002.07.26"]
[Round "8"]
[White "Pavlov, Oleg Yuryevich"]
[Black "Vassiliev, G."]
[Result "0-1"]
[WhiteElo "2154"]
[BlackElo "2276"]
[PlyCount "100"]
[EventDate "2002.07.19"]
[EventType "swiss"]
[EventRounds "9"]
[EventCountry "RUS"]
[SourceTitle "CBM 089 Extra"]
[Source "ChessBase"]
[SourceDate "2002.09.10"]
[SourceVersion "2"]
[SourceVersionDate "2002.09.10"]
[SourceQuality "1"]

1. d4 d5 2. c4 e6 3. Nc3 c5 4. cxd5 exd5 5. Nf3 Nc6 6. g3 Nf6 7. Bg2 Be7 8. 0-0 0-0 9. Bg5 c4 10. Ne5 Be6 11. Qd2 Ne8 12. Bxe7 Nxe7 13. Rad1 f6 14. Nf3 Nd6 15. Rfe1 b5 16. e4 Nxe4 17. Nxe4 dxe4 18. Rxe4 Bd5 19. Re2 Qd7 20. h4 Rad8 21. Qf4 Nc6 22. Rde1 Rf7 23. Kh1 Nxd4 24. Qxd4 Bxf3 25. Qxd7 Bxg2+ 26. Kxg2 Rfxd7 27. a4 b4 28. Re4 Rc7 29. Rc1 Rdc8 30. b3 Kf7 31. bxc4 Rc5 32. Rd1 R8c7 33. Kf3 Ra5 34. Ra1 Rac5 35. Rb1 a5 36. Rc1 Rd7 37. Ke3 b3 38. Rb1 Rb7 39. Kd4 Rc8 40. Kc3 Rcb8 41. Rd4 b2 42. Rd5 Rb3+ 43. Kd4 Rf3 44. Rb5 Rd8+ 45. Kc5 Rc8+ 46. Kd4 Rxf2 47. R1xb2 Rf1 48. Rb7+ Kg6 49. c5 Rd1+ 50. Ke3 Rxc5 0-1

[Event "Novosibirsk op"]
[Site "Novosibirsk"]
[Date "2001.07.26"]
[Round "8"]
[White "Katalymov, Boris N"]
[Black "Vassiliev, G."]
[Result "1-0"]
[WhiteElo "2424"]
[BlackElo "2253"]
[PlyCount "51"]
[EventDate "2001.07.18"]
[EventType "swiss"]
[EventRounds "11"]
[EventCountry "RUS"]
[SourceTitle "CBM 083 Extra"]
[Source "ChessBase"]
[SourceDate "2001.09.11"]
[SourceVersion "1"]
[SourceVersionDate "2001.09.11"]
[SourceQuality "1"]

1. e4 c6 2. f4 d5 3. e5 h5 4. Be2 Nh6 5. Bxh5 Nf5 6. Nh3 Nd4 7. Ng5 Nxc2+ 8. Qxc2 Rxh5 9. e6 Qd6 10. exf7+ Kd8 11. d4 g6 12. Be3 Bf5 13. Qe2 Rh8 14. Nd2 Bg7 15. Ndf3 Nd7 16. Ne5 Nxe5 17. dxe5 Qd7 18. e6 Qd6 19. g4 Qb4+ 20. Kf2 Be4 21. a3 Qa4 22. b3 Bxh1 23. bxa4 Rxh2+ 24. Kf1 Rxe2 25. Kxe2 Bg2 26. Rg1 1-0